[Event "IECG CB.2004.0.00127 email"]
[Site "IECG email"]
[Date "2004.12.10"]
[Round "?"]
[White "Zatravkina, Ekaterina"]
[Black "Myllyniemi, Sami"]
[Result "1-0"]
[WhiteElo "1950"]
[BlackElo "1850"]
[PlyCount "41"]
[EventDate "2004.12.10"]
[EventType "tourn (corr)"]
[EventRounds "6"]
[SourceTitle "Corr 2008"]
[Source "ChessBase"]
[SourceDate "2008.06.24"]
[SourceVersion "1"]
[SourceVersionDate "2008.06.24"]
[SourceQuality "1"]

1. c4 Nf6 2. Nc3 g6 3. e4 d6 4. d4 Bg7 5. h3 0-0 6. Nf3 c5 7. d5 e6 8. Bd3 exd5 9. exd5 Re8+ 10. Be3 Bh6 11. 0-0 Bxe3 12. fxe3 Nbd7 13. Qd2 Rf8 14. e4 Ne8 15. Rf2 Qe7 16. Raf1 f6 17. Bc2 Ne5 18. Nxe5 dxe5 19. Rf3 Nd6 20. Qf2 b6 21. Rxf6 1-0